Normal view
MARC view
Entry Topical Term
001 - CONTROL NUMBER
- control field: 45659
003 - CONTROL NUMBER IDENTIFIER
- control field: OSt
005 - DATE AND TIME OF LATEST TRANSACTION
- control field: 20240606105557.0
008 - FIXED-LENGTH DATA ELEMENTS
- fixed length control field: 240606|| aca||aabn | a|a d
040 ## - CATALOGING SOURCE
- Original cataloging agency: OSt
- Transcribing agency: OSt
150 ## - HEADING--TOPICAL TERM
- Topical term or geographic name entry element: Registration ,Technology of governance, Everyday regulation, Changing shape of registration COVID-19 pandemic Public life Re-examination, Population production, Affects lives, Contributions, Key themes
670 ## - SOURCE DATA FOUND
- Source citation: Work cat.: (OSt)524184: Jess, Smith, J. and Sarah, Keenan, S. 45658, Registering the everyday: Documents, bureaucracy, and the socio-legal
